000 00460cam a2200181ua 4500
001 3766
008 120204n ii |||gr||||Z||||||asm
040 _cMAIN
082 _a891.4514
100 _aHazarika, Karabi Deka,
245 1 1 _aAsamiya sahityar rup-ras
_cby Karabi Deka Hazarika
250 _a2nd.
260 _aDibrugarh:
_bBanalata,988.
300 _a166p:
_c23cm.
653 _aAssamese literature
653 _aAsamiya sahityar rup-ras
942 _cBK
999 _c3592
_d3592